KOHA-Header-6

Introduction to Computers (Record no. 8648)

000 -LEADER
fixed length control field 00266nam a2200109Ia 4500
100 ## - MAIN ENTRY--AUTHOR NAME
Personal name Peter Norton's
245 #0 - TITLE STATEMENT
Title Introduction to Computers
260 ## - PUBLICATION, DISTRIBUTION, ETC. (IMPRINT)
Place of publication New Delhi
Name of publisher McGraw Hill
Year of publication 1997
300 ## - PHYSICAL DESCRIPTION
Number of Pages 368
942 ## - ADDED ENTRY ELEMENTS (KOHA)
Koha item type Books
Holdings
Withdrawn status Lost status Collection code Permanent Location Current Location Shelving location Date acquired Full call number Accession Number Koha item type
    Computer Science MAJU MAJU   2019-09-14 005.2 3524 Computer Science

Powered by Koha